000 00554nam a2200193Ia 4500
003 GCL
008 140319s9999 xx 000 0 ara d
040 _aGCL /
_cGCL
082 0 4 _a962.02
_bم ح
100 1 _aمحمد فواد شكرى
245 1 0 _aالحملة الفرنسية وظهور محمد على /
_cمحمد فواد شكرى
260 _a[S.N] :
_bدار الكتب المصرية
300 _a356 ص
490 _a
650 0 4 _aمصر
650 0 4 _aتاريخ
650 0 4 _aالاحوال الاقتصادية
942 _2ddc
_cBK
999 _c27789
_d27789